Lịch sử phép biện chứng : Sách tham khảo
Nội dung giới thiệu về phép biện chứng cổ đại, phép biện chứng thế kỷ XIV - XVIII, phép biện chứng cổ điển Đức, Phép biện chứng Mácxít ( từ khi xuất hiện chủ nghĩa Mác đến giai đoạn Lênin ), phép biện chứng duy tâm thế kỷ XX....
Bewaard in:
| Formaat: | Boek |
|---|---|
| Taal: | Undetermined |
| Gepubliceerd in: |
Hà Nội
Chính Trị Quốc Gia
1998
|
| Onderwerpen: | |
| Tags: |
Voeg label toe
Geen labels, Wees de eerste die dit record labelt!
|
| Thư viện lưu trữ: | Trung tâm Học liệu Trường Đại học Cần Thơ |
|---|
| LEADER | 01004nam a2200205Ia 4500 | ||
|---|---|---|---|
| 001 | CTU_29690 | ||
| 008 | 210402s9999 xx 000 0 und d | ||
| 020 | |c 39000 | ||
| 082 | |a 146.32 | ||
| 082 | |b L302/T.2 | ||
| 245 | 0 | |a Lịch sử phép biện chứng : | |
| 245 | 0 | |b Sách tham khảo | |
| 245 | 0 | |c T. I. Ôiderman ... [ et al. ] ; Đỗ MInh Hợp ( dịch ) | |
| 260 | |a Hà Nội | ||
| 260 | |b Chính Trị Quốc Gia | ||
| 260 | |c 1998 | ||
| 520 | |a Nội dung giới thiệu về phép biện chứng cổ đại, phép biện chứng thế kỷ XIV - XVIII, phép biện chứng cổ điển Đức, Phép biện chứng Mácxít ( từ khi xuất hiện chủ nghĩa Mác đến giai đoạn Lênin ), phép biện chứng duy tâm thế kỷ XX. | ||
| 650 | |a Dialectical materialism,Naturalism,Philosophy, marxist | ||
| 904 | |i Qhieu đã sửa | ||
| 980 | |a Trung tâm Học liệu Trường Đại học Cần Thơ | ||